Fr. Conceicao Rodrigues College of Engineering

Mechanical Engg. Design (Record no. 19805)

MARC details
000 -LEADER
fixed length control field 00330nam a2200145Ia 4500
082 ## - DEWEY DECIMAL CLASSIFICATION NUMBER
Classification number 621.815
Item number PAN
100 ## - MAIN ENTRY--PERSONAL NAME
Personal name Shigley/Joseph Edward/ Mischke/C.R
245 ## - TITLE STATEMENT
Title Mechanical Engg. Design
260 ## - PUBLICATION, DISTRIBUTION, ETC.
Name of publisher, distributor, etc. McGraw Hill
Place of publication, distribution, etc. New York
Date of publication, distribution, etc. 1989
300 ## - PHYSICAL DESCRIPTION
Extent 779
546 ## - LANGUAGE NOTE
Language note ENGLISH
654 ## - SUBJECT ADDED ENTRY--FACETED TOPICAL TERMS
Focus term Engg. Design
942 ## - ADDED ENTRY ELEMENTS (KOHA)
Koha item type BOOK
Holdings
Withdrawn status Lost status Damaged status Not for loan Collection Home library Current library Date acquired Source of acquisition Cost, normal purchase price Total Checkouts Full call number Barcode Date due Date last seen Date last checked out Cost, replacement price Price effective from Koha item type
        CRC Fr. Agnel's C.Rodrigues College of Engineering Fr. Agnel's C.Rodrigues- College of Engineering 17/03/2023 global books 473.90 1 621.815 PAN 7171 06/09/2009 05/06/2023 05/06/2023 473.90 17/03/2023 BOOK